000 01645cam a2200169 4500500
005 20260201150608.0
041 _afre
042 _adc
100 1 0 _aKaplanian, Patrick
_eauthor
245 0 0 _aPaola Tabet, La Construction sociale de l’inégalité des sexes., Des outils et des corps,, ParisMontréal, L’Harmattan, 1998, 206 p., (« Bibliothèque du féminisme »)
260 _c2001.
500 _a98
520 _aNous connaissons les odalisques et les baigneuses d’Ingres, exposées pour la plupart au musée du Louvre, mais nous ignorons généralement qu’il les a peintes après lecture de la correspondance de Lady Montagu. Épouse de l’ambassadeur britannique en Turquie de 1716 à 1718, elle parlait le turc couramment, ce qui lui a permis d’entrer dans tous les harems de la ville. Dans ses lettres publiées ultérieurement, elle décrit la culture et les habitudes de ces femmes, que l’on retrouve dans certaines toiles du maître.
520 _aWe all know the odalisques and bathers by Ingres, most of which are exhibited in the Louvre Museum, but what we aren’t aware of is that he painted them after reading Lady Montagu’s correspondence. Wife of the British ambassador to Turkey from 1716 to 1718, she learned to speak fluent Turkish, thus gaining entry in all the harems of the city. In her later published letters, she describes these women’s culture and habits, which were rendered in some of the master’s canvases.
786 0 _nL'Homme | 158-159 | 2 | 2001-09-01 | p. 383n-488n | 0439-4216
856 4 1 _uhttps://shs.cairn.info/revue-l-homme-2001-2-page-383n?lang=fr&redirect-ssocas=7080
999 _c1643019
_d1643019